Ptaki od A do Ż - quiz obrazkowy. - Statystyki

Ogólne statystyki
  • Ten quiz został rozwiązany 258 razy
  • Średni wynik to 18 z 24
Statystyki odpowiedzi
Obrazkowy Odpowiedź % Poprawnych
Flaming
99%
Mewa
98%
Dzięcioł
97%
Bażant
95%
Łabędź
95%
Emu
94%
Kruk
93%
Pelikan
92%
Gil
91%
Orzeł
91%
Sroka
85%
Żuraw
79%
Zimorodek
78%
Albatros
73%
Wilga
64%
Rudzik
62%
Uszatka
56%
Jemiołuszka
55%
Cietrzew
53%
Ibis
44%
Lelek
43%
Hajstra
38%
Nandu
38%
Trznadel
38%
Nie znaleziono quizów pasujących do podanych kryteriów
Rozkład punktacji
Procent ludzi z każdym wynikiem
Percentyl według liczby udzielonych odpowiedzi
Twoja historia wyników
Nie rozwiązałeś tego quizu